000 00307 a2200121 4500
040 _aDLC
_bDLC
100 _aNaseem Hijazi
245 _aShaheen
_cNaseem Hijazi
_h(urdu)
260 _aLahore:
_bJahangir Book Depu,
_c2005.
300 _a527 p. ;
_c24 cm.
650 _aUrdu literature--Noval
942 _cBK
_2ddc
999 _c486661
_d486661